• 首页
  • 本馆介绍
  • 公告通知
  • 最新文献
  • 馆藏检索
  • 电子资源
  • 读者导购
  • 参考咨询
  • 我的图书馆
  • 登录
  • 详细信息显示
  • 放入我的书架
  • 预约/预借图书
  • 作者相关作品
  • 分类相关作品
  • 丛书相关作品
  • 出版社相关作品

书目信息

  • 表格格式
  • 工作单格式
  • 卡片格式
题名:
水粉
    
 
作者: 成康 编著
分册:  
出版信息: 兰州   甘肃人民美术出版社  2001
页数: 60页
开本: 26cm
丛书名: 实用美术技法丛书
单 册:
中图分类: J215 , J21-5
科图分类:
主题词: 水粉画--技法
电子资源:
ISBN: 7-80588-375-0
000 00575oam2 22002291 450
001 1562414647
005 20150131172035.07
010    @a7-80588-375-0@dCNY12.00
100    @a20111104d2001 m y0chiy0110 ea
101 0  @achi
105    @af z 000yy
200 1  @a水粉@f成康编著
210    @a兰州@c甘肃人民美术出版社@d2001
215    @a60页@d26cm
225 2  @a实用美术技法丛书
461  0 @12001 @a实用美术技法丛书
606 0  @a水粉画@x技法
690    @aJ215@v5
690    @aJ21-5@v4
701  0 @a成康@4编著
801  0 @aCN@bTSSF@c20150131
905    @aZUCC@dJ21-5@eJY149
    
    水粉/成康编著.-兰州:甘肃人民美术出版社,2001
    60页;26cm.-(实用美术技法丛书)
    
    
    ISBN 7-80588-375-0:CNY12.00
    
●
相关链接 在E读中查询图书 在五车中查询图书 在当当中查询图书 在豆瓣中查询图书


正题名:水粉     索取号:J21-5/JY149         预约/预借

序号 登录号 条形码 馆藏地/架位号 状态 备注
1 7861862   278618621   学院路分馆/ [索取号:J21-5/JY149] 在馆    
唐山师范学院图书馆 欢迎您!
大连网信软件有限公司© 版权所有